000 00339nam a2200157Ia 4500
008 210210b xxu||||| |||| 00| 0 eng d
041 _aeng
082 _a444/311
100 _aBERANGER
245 _aSelect songs
260 _aLondon
_bBlackie & Son Ltd.
_c
650 _asongs
650 _aSelect
690 _aFrench
906 _a006506
999 _c129495
_d129495